| 000 | 00582nam a22001937a 4500 | ||
|---|---|---|---|
| 999 |
_c4721 _d4721 |
||
| 003 | AR-CdUCM | ||
| 008 | 190311b ||||| |||| 00| 0 spa d | ||
| 040 |
_aMUNICIPALIDAD PROVINCIAL DEL CUSCO _cBIBLIOTECA MUNICIPAL DEL CUSCO |
||
| 082 |
_a861.47 / _bF43 |
||
| 100 |
_aFerrer, Jesus Alfonso _914634 |
||
| 245 | _aRomancero de la epopeya / | ||
| 260 |
_aVenezuela : _bTipografía comercial, _c1956. |
||
| 300 |
_a85 páginas ; _c18 cm. |
||
| 500 | _aDonación familia Nieto. | ||
| 650 |
_aPoesia venezolana _911161 |
||
| 650 |
_aSiglo XX _98 |
||
| 942 |
_2ddc _cLIBROS |
||
| 945 | _aafb | ||